Rekapitalizace bank na startu

Dohoda Európskej únie o opatreniach, ktoré majú za cieľ odvrátiť hroziace turbulencie v dôsledku dlhovej krízy a stabilizovať dôveru na finančných trhoch. Kapitálová primeranosť bánk a odpis aktív v gréckych štátnych dlhopisoch.

Enregistré dans:
Détails bibliographiques
Auteur principal: Machala, Karel
Format: Chapitre de livre
Langue:tchèque
Sujets:
Tags: Ajouter un tag
Pas de tags, Soyez le premier à ajouter un tag!

MARC

LEADER 00000naa a2200000 4500
001 0146244
005 20231129094350.6
041 0 |a cze 
044 |a CZ 
245 1 0 |a Rekapitalizace bank na startu  |c Karel Machala 
520 |a Dohoda Európskej únie o opatreniach, ktoré majú za cieľ odvrátiť hroziace turbulencie v dôsledku dlhovej krízy a stabilizovať dôveru na finančných trhoch. Kapitálová primeranosť bánk a odpis aktív v gréckych štátnych dlhopisoch. 
610 2 0 |a Európska únia 
610 2 0 |a Grécko 
610 2 0 |a trh finančný 
610 2 0 |a dlhopisy štátne 
610 2 0 |a banky 
610 2 0 |a bankovníctvo 
610 2 0 |a primeranosť kapitálová 
610 2 0 |a stabilita finančná 
610 2 0 |a kríza 
610 2 0 |a politika kohézna 
610 2 0 |a spolupráca medzinárodná 
100 1 |a Machala, Karel